Statistics for Zodiac Signs Quiz #7

Click here to take the quiz!

General Stats

  • This quiz has been taken 89 times
  • The average score is 10 of 12

Answer Stats

HintAnswer% Correct
Sign after AquariusPisces
95%
Sign after LeoVirgo
92%
3rd SignGemini
91%
Opposite of AriesLibra
87%
Fire, MutableSagittarius
85%
1st Cardinal SignAries
84%
3rd Earth SignCapricorn
84%
3rd Fixed SignScorpio
84%
Dwayne Johnson is this SignTaurus
84%
Fire, FixedLeo
82%
Ruled by the MoonCancer
81%
Oprah Winfrey is this SignAquarius
78%

Score Distribution

Percentile by Number Answered

Percent of People with Each Score

Your Score History

You have not taken this quiz